Los fichajes más caros del fútbol - Futbolistas serbios - Estadísticas

Estadísticas generales
  • Esta prueba ha sido intentada 68 veces
  • La puntuación promedio es 7 de 10
Estadísticas de respuestas
Coste (M €) Temporada Último club Nuevo club Jugador % Correcto
83,50 2021-2022 Fiorentina Juventus Dušan Vlahović
95%
63,00 2019-2020 Eintracht Real Madrid Luka Jović
95%
52,60 2023-2024 Fulham Al-Hilal Aleksandar Mitrovic
82%
24,70 2018-2019 Newcastle United Fulham Aleksandar Mitrovic
82%
40,00 2023-2024 Lazio Al-Hilal Sergej Milinković-Savić
79%
44,70 2017-2018 Chelsea Manchester United Nemanja Matic
71%
25,00 2013-2014 Benfica Chelsea Nemanja Matic
71%
23,86 2010-2011 Lazio Manchester City Aleksandar Kolarov
52%
25,00 2014-2015 Benfica Liverpool Lazar Markovic
20%
25,00 2000-2001 Real Zaragoza AC Parma Savo Milošević
9%
No se encontraron pruebas coincidentes
Distribución de puntuación
Porcentaje de gente con cada puntuación
Porcentaje por número respondido
Historial de tus puntuaciones
No has intentado esta prueba.